[Event "Mendoza Mendocino-ch sf"]
[White "Caruso, Tomas"]
[Black "Gatti, Juan Manuel"]
[Site "Mendoza"]
[Round "3"]
[Result "1-0"]
[Date "2023.09.30"]
[WhiteElo "2133"]
[BlackElo "2008"]
[PlyCount "108"]
[EventDate "2023.09.29"]
[EventType "swiss"]
[EventRounds "7"]
[EventCountry "ARG"]
[SourceTitle "CBM 216 Extra"]
[Source "ChessBase"]
[SourceDate "2023.11.30"]
[SourceVersion "1"]
[SourceVersionDate "2023.11.30"]
[SourceQuality "1"]

1. e4 c5 2. Nf3 Nc6 3. d4 cxd4 4. Nxd4 e6 5. Be3 Nf6 6. Nxc6 bxc6 7. Nc3 Bb4 8. Bd3 d5 9. exd5 exd5 10. a3 d4 11. axb4 dxe3 12. 0-0 exf2+ 13. Rxf2 Qb6 14. Qe1+ Be6 15. Kh1 Qxb4 16. Bf5 0-0 17. Bxe6 fxe6 18. Qxe6+ Kh8 19. Raf1 Qxb2 20. Ne4 Rfe8 21. Qxc6 Rac8 22. Qa4 Qb6 23. h3 Qc6 24. Qxc6 Rxc6 25. Nxf6 gxf6 26. Rxf6 Rxc2 27. Ra6 Re7 28. Rfa1 Rcc7 29. Kh2 Kg7 30. h4 Kf7 31. R1a3 Ke8 32. Kh3 Kd8 33. g4 Kc8 34. g5 Kb8 35. Rb3+ Rb7 36. Rxb7+ Kxb7 37. Ra1 a6 38. h5 Kb6 39. h6 a5 40. Kg4 Re6 41. Rb1+ Kc7 42. Ra1 Ra6 43. Rf1 a4 44. Rf7+ Kd8 45. Rxh7 a3 46. Rf7 a2 47. Rf1 a1Q 48. Rxa1 Rxa1 49. h7 Rh1 50. g6 Ke7 51. g7 Rxh7 52. g8Q Rf7 53. Kg5 Rf8 54. Qb3 Rf7 1-0

[Event "Mendoza Mendocino-ch sf"]
[White "Caruso, Tomas"]
[Black "Needleman, Alejandro"]
[Site "Mendoza"]
[Round "4"]
[Result "0-1"]
[Date "2023.09.30"]
[WhiteElo "2133"]
[BlackElo "2220"]
[PlyCount "86"]
[EventDate "2023.09.29"]
[EventType "swiss"]
[EventRounds "7"]
[EventCountry "ARG"]
[SourceTitle "CBM 216 Extra"]
[Source "ChessBase"]
[SourceDate "2023.11.30"]
[SourceVersion "1"]
[SourceVersionDate "2023.11.30"]
[SourceQuality "1"]

1. e4 e6 2. d4 d5 3. Nd2 c5 4. Ngf3 Nc6 5. exd5 exd5 6. dxc5 Bxc5 7. Nb3 Bb6 8. h3 Nf6 9. Bg5 Bxf2+ 10. Kxf2 Ne4+ 11. Kg1 Nxg5 12. Qe2+ Be6 13. Nxg5 Qxg5 14. Nc5 Qe7 15. Nxe6 fxe6 16. Re1 e5 17. Qg4 0-0 18. Kh2 e4 19. c4 Ne5 20. Qg3 Nxc4 21. Bxc4 dxc4 22. Re2 Rf5 23. Rd1 Re5 24. Red2 Rg5 25. Qe3 Re8 26. Kh1 Qc5 27. Qf4 h6 28. Rd8 Rge5 29. R8d7 R5e7 30. Rd8 Qe5 31. Qf1 b5 32. Qe2 Rxd8 33. Rxd8+ Kh7 34. Rd1 e3 35. Rf1 Qe4 36. Rf3 Qd3 37. Qe1 Kg8 38. Qh4 e2 39. Qxe7 Qb1+ 40. Kh2 e1Q 41. Qd8+ Kh7 42. Qd4 Qh1+ 43. Kg3 Qg6+ 0-1

[Event "Mendoza Bermejo Memorial"]
[White "Caruso, Tomas"]
[Black "Hernandez Guerrero, Gilberto Eduardo"]
[Site "Mendoza"]
[Round "6"]
[Result "0-1"]
[Date "2023.05.21"]
[WhiteElo "2131"]
[BlackElo "2533"]
[PlyCount "84"]
[EventDate "2023.05.18"]
[EventType "swiss"]
[EventRounds "7"]
[EventCountry "ARG"]
[SourceTitle "CBM 214 Extra"]
[Source "ChessBase"]
[SourceDate "2023.07.31"]
[SourceVersion "1"]
[SourceVersionDate "2023.07.31"]
[SourceQuality "1"]

1. e4 c5 2. Nf3 Nc6 3. d4 cxd4 4. Nxd4 Nf6 5. Nc3 d6 6. Be2 e5 7. Nb3 Be7 8. 0-0 0-0 9. Kh1 a5 10. a4 Nb4 11. f4 Be6 12. f5 Bd7 13. Bg5 Bc6 14. Bxf6 Bxf6 15. Bc4 Rc8 16. Bd5 h6 17. Rf2 Qb6 18. Re2 Rfd8 19. Nd2 Nxd5 20. exd5 Bd7 21. Nde4 Bxf5 22. Nxf6+ gxf6 23. Qc1 Kg7 24. Ra3 Rc4 25. Nd1 Bg6 26. Rh3 h5 27. b3 Rf4 28. Ne3 Qc5 29. c4 Rh8 30. Re1 h4 31. Rf1 Rxf1+ 32. Qxf1 Qd4 33. Rf3 Rh5 34. h3 e4 35. Nf5+ Bxf5 36. Rxf5 Rxf5 37. Qxf5 e3 38. Qf3 Qa1+ 39. Kh2 Qe5+ 40. Kg1 f5 41. Qh5 Qf4 42. Qe2 Qd4 0-1

[Event "Vicente Lopez ProAm 100 Years op"]
[White "Caruso, Tomas"]
[Black "Latorre, Manuel"]
[Site "Buenos Aires"]
[Round "2"]
[Result "1/2-1/2"]
[Date "2022.10.12"]
[WhiteElo "2138"]
[BlackElo "2327"]
[PlyCount "97"]
[EventDate "2022.10.11"]
[EventType "swiss"]
[EventRounds "9"]
[EventCountry "ARG"]
[SourceTitle "CBM 210 Extra"]
[Source "ChessBase"]
[SourceDate "2022.11.30"]
[SourceVersion "1"]
[SourceVersionDate "2022.11.30"]
[SourceQuality "1"]

1. e4 c5 2. Nf3 Nc6 3. d4 cxd4 4. Nxd4 e6 5. Nc3 Qc7 6. Be3 a6 7. Qf3 Nf6 8. 0-0-0 Ne5 9. Qg3 b5 10. a3 Bb7 11. Bxb5 Rc8 12. Ba4 Nxe4 13. Nxe4 Bxe4 14. Bf4 Qa5 15. Bxe5 Qxa4 16. Rd2 f6 17. Bd6 Kf7 18. Re1 Bg6 19. Bxf8 Rhxf8 20. Qd6 Rfd8 21. f4 Qa5 22. g4 Kg8 23. h4 Rc5 24. h5 Rd5 25. Qb4 Qxb4 26. axb4 Bf7 27. c4 Rd6 28. c5 Rd5 29. Nf3 Rb8 30. Re4 a5 31. Rxd5 exd5 32. Rd4 axb4 33. Kd2 Rb5 34. Ne1 Rxc5 35. Rxb4 Kf8 36. b3 Ke7 37. Nd3 Rc8 38. Rb7 Kd6 39. Rb6+ Kc7 40. Ra6 Kb7 41. Ra1 Re8 42. Rc1 d6 43. Nf2 d4 44. Kd3 Re3+ 45. Kxd4 Rxb3 46. Ne4 Rb4+ 47. Ke3 Rb6 48. h6 gxh6 49. Nxf6 1/2-1/2

[Event "Mendoza Alfiles de Cuyo Cup"]
[White "Caruso, Tomas"]
[Black "Carrizo, Alfredo"]
[Site "Mendoza"]
[Round "6"]
[Result "1-0"]
[Date "2021.04.25"]
[WhiteElo "2034"]
[BlackElo "1928"]
[PlyCount "65"]
[EventDate "2021.04.23"]
[EventType "tourn"]
[EventRounds "7"]
[EventCountry "ARG"]
[SourceTitle "EXT 2022"]
[Source "ChessBase"]
[SourceDate "2021.10.06"]
[SourceVersion "1"]
[SourceVersionDate "2021.10.06"]
[SourceQuality "1"]

1. d4 Nf6 2. c4 d6 3. Nc3 e5 4. dxe5 dxe5 5. Qxd8+ Kxd8 6. Bg5 Be7 7. 0-0-0+ Nfd7 8. h4 f6 9. Be3 c6 10. g3 Kc7 11. Ne4 a5 12. Bh3 Na6 13. Nf3 Ndc5 14. Bxc8 Raxc8 15. Nxc5 Bxc5 16. Bxc5 Nxc5 17. Nd2 Rhd8 18. Kc2 Rd4 19. e3 Rd7 20. Nb3 Ne4 21. Rxd7+ Kxd7 22. Rf1 Kc7 23. g4 a4 24. Nc1 Rd8 25. Nd3 b6 26. f3 Nd6 27. c5 Nc4 28. cxb6+ Kxb6 29. Re1 e4 30. fxe4 Re8 31. Nf2 Re5 32. Kc3 Rc5 33. Nd3 1-0

[Event "Mendoza Alfiles de Cuyo Cup"]
[White "Caruso, Tomas"]
[Black "Lopez Miller, Indalecio"]
[Site "Mendoza"]
[Round "4"]
[Result "1-0"]
[Date "2021.04.24"]
[WhiteElo "2034"]
[BlackElo "1992"]
[PlyCount "63"]
[EventDate "2021.04.23"]
[EventType "tourn"]
[EventRounds "7"]
[EventCountry "ARG"]
[SourceTitle "EXT 2022"]
[Source "ChessBase"]
[SourceDate "2021.10.06"]
[SourceVersion "1"]
[SourceVersionDate "2021.10.06"]
[SourceQuality "1"]

1. e4 c5 2. Nf3 d6 3. d4 cxd4 4. Nxd4 Nf6 5. Nc3 g6 6. Be3 Bg7 7. f3 Nc6 8. Bc4 0-0 9. Qd2 Bd7 10. 0-0-0 Rc8 11. Bb3 Nxd4 12. Bxd4 b5 13. Nd5 Nxd5 14. Bxg7 Kxg7 15. exd5 a5 16. a3 Qb6 17. g4 f5 18. h4 a4 19. Ba2 fxg4 20. h5 Bf5 21. c3 g3 22. hxg6 Bxg6 23. Bb1 Rxf3 24. Rde1 Qf2 25. Qh6+ Kf6 26. Qh4+ Kg7 27. Bxg6 Rfxc3+ 28. Kb1 Rb3 29. Qxh7+ Kf6 30. Qf7+ Kg5 31. Rh5+ Kg4 32. Re4+ 1-0

[Event "ARG-ch Amateur"]
[White "Caruso, Tomas"]
[Black "Estanguet, Franco"]
[Site "Termas de Rio Hondo"]
[Round "2"]
[Result "1/2-1/2"]
[Date "2019.11.15"]
[WhiteElo "1985"]
[BlackElo "2180"]
[PlyCount "89"]
[EventDate "2019.11.15"]
[EventType "swiss"]
[EventRounds "7"]
[EventCountry "ARG"]
[SourceTitle "CBM 193 Extra"]
[Source "ChessBase"]
[SourceDate "2020.01.31"]
[SourceVersion "1"]
[SourceVersionDate "2020.01.31"]
[SourceQuality "1"]

1. e4 g6 2. d4 Bg7 3. Nf3 d6 4. h3 Nf6 5. Nc3 0-0 6. Be3 c5 7. dxc5 Qa5 8. Bd3 dxc5 9. 0-0 Nc6 10. Nd2 Nd7 11. Nb3 Qd8 12. Nxc5 Nxc5 13. Bxc5 Qa5 14. Be3 Rd8 15. Bd2 Qc5 16. Rb1 Nb4 17. Qe2 Be6 18. Be3 Qc8 19. a3 Nxd3 20. cxd3 Bb3 21. Rfc1 Qd7 22. d4 Bxd4 23. Bxd4 Qxd4 24. Qb5 Qb6 25. Qxb6 axb6 26. Nd5 Bxd5 27. exd5 Rd7 28. Rc3 Ra5 29. Rb3 Raxd5 30. Rxb6 Rd2 31. g4 Rc2 32. Rf1 Kf8 33. Kg2 Ke8 34. Kg3 Kd8 35. Re1 Rd3+ 36. Re3 Rxe3+ 37. fxe3 Kc7 38. Rb3 f6 39. Kf3 Kc6 40. Rb4 e5 41. a4 b6 42. b3 Rc1 43. Rb5 Rh1 44. Kg2 Rc1 45. Kf3 1/2-1/2

[Event "Sarmiento Erbe Memorial 3rd"]
[White "Caruso, Tomas"]
[Black "Marquez, Juan Carlos"]
[Site "Sarmiento"]
[Round "1.6"]
[Result "1-0"]
[Date "2018.09.21"]
[WhiteElo "1999"]
[BlackElo "1678"]
[PlyCount "28"]
[EventDate "2018.09.21"]
[EventType "swiss"]
[EventRounds "6"]
[EventCountry "ARG"]
[SourceTitle "EXT 2024"]
[Source "ChessBase"]
[SourceDate "2023.10.10"]
[SourceVersion "1"]
[SourceVersionDate "2023.10.10"]
[SourceQuality "1"]

1. e4 d6 2. d4 Nf6 3. Nc3 e5 4. dxe5 dxe5 5. Qxd8+ Kxd8 6. Bg5 Bd6 7. 0-0-0 h6 8. Bh4 g5 9. Bg3 Ke7 10. Nf3 Bg4 11. Be2 Nc6 12. h3 Be6 13. Nd5+ Bxd5 14. exd5 Nd8 1-0

[Event "Cordoba U2200"]
[White "Espinoza, Jorge"]
[Black "Caruso, Tomas"]
[Site "Cordoba"]
[Round "4.1"]
[Result "1-0"]
[Date "2018.09.02"]
[WhiteElo "1803"]
[BlackElo "1999"]
[PlyCount "79"]
[EventDate "2018.09.01"]
[EventType "swiss"]
[EventRounds "6"]
[EventCountry "ARG"]
[SourceTitle "EXT 2024"]
[Source "ChessBase"]
[SourceDate "2023.10.10"]
[SourceVersion "1"]
[SourceVersionDate "2023.10.10"]
[SourceQuality "1"]

1. b4 d5 2. Bb2 Bf5 3. e3 Nd7 4. Nf3 Ngf6 5. c4 dxc4 6. Bxc4 e6 7. a3 Bd6 8. 0-0 e5 9. d3 0-0 10. Nc3 Re8 11. Ne2 e4 12. dxe4 Bxe4 13. Ng3 h6 14. Nxe4 Rxe4 15. Bd5 Nxd5 16. Qxd5 Re6 17. Qxb7 Nf6 18. Qb5 Rb8 19. Qe2 Ne4 20. Rfd1 Ng5 21. Bd4 Nxf3+ 22. Qxf3 Rb5 23. Bc5 Qg5 24. a4 Rb8 25. Bxd6 cxd6 26. b5 Rf6 27. Qe4 Qc5 28. Rd5 Qc3 29. Rad1 Rc8 30. h3 Qb2 31. R5d2 Qa3 32. Qb7 Rc4 33. Qxa7 Rxa4 34. Qb8+ Kh7 35. Rxd6 Qb3 36. Rd8 Rc4 37. Rh8+ Kg6 38. Qg3+ Kh5 39. Rd5+ g5 40. Rxg5# 1-0

[Event "Rosario Bandera Memorial"]
[White "Caruso, Tomas"]
[Black "Lagar, Valentin Alejo"]
[Site "Rosario"]
[Round "7"]
[Result "0-1"]
[Date "2017.06.20"]
[WhiteElo "1978"]
[BlackElo "2181"]
[PlyCount "104"]
[EventDate "2017.06.17"]
[EventType "swiss"]
[EventRounds "7"]
[EventCountry "ARG"]
[SourceTitle "EXT 2018"]
[Source "ChessBase"]
[SourceDate "2017.10.13"]
[SourceVersion "1"]
[SourceVersionDate "2017.10.13"]
[SourceQuality "1"]

1. Nf3 d5 2. d4 Nf6 3. c4 c6 4. Nc3 e6 5. Bg5 Nbd7 6. e3 Qa5 7. Nd2 dxc4 8. Bxf6 Nxf6 9. Nxc4 Qc7 10. Be2 Be7 11. 0-0 0-0 12. Rc1 Rd8 13. Qc2 Bd7 14. Ne5 Be8 15. a3 a5 16. f4 Nd5 17. Rf3 Rac8 18. Ne4 f6 19. Nd3 b6 20. Ng3 Bf8 21. f5 exf5 22. Nxf5 Bf7 23. Rg3 Kh8 24. e4 Ne7 25. Bg4 Nxf5 26. Bxf5 Rb8 27. Qxc6 Qxc6 28. Rxc6 Rxd4 29. Rh3 h6 30. e5 Rbd8 31. exf6 Bd6 32. Rxb6 Rxd3 33. Rxd3 Bc5+ 34. Kf1 Bxb6 35. Rxd8+ Bxd8 36. fxg7+ Kxg7 37. Bc2 Bc4+ 38. Kf2 Bb6+ 39. Kf3 Bd5+ 40. Kg4 Bxg2 41. b4 axb4 42. axb4 Kf6 43. b5 Bf1 44. Kh5 Be3 45. Ba4 Be2+ 46. Kh4 Bf2+ 47. Kh3 Bf3 48. Bb3 Be2 49. Kg2 Be3 50. Ba4 Ke5 51. Kg3 Kd5 52. Bb3+ Kc5 0-1

[Event "Rosario Bandera Memorial"]
[White "Caruso, Tomas"]
[Black "Samudio, Gonzalo"]
[Site "Rosario"]
[Round "3"]
[Result "1-0"]
[Date "2017.06.18"]
[WhiteElo "1978"]
[BlackElo "1684"]
[PlyCount "67"]
[EventDate "2017.06.17"]
[EventType "swiss"]
[EventRounds "7"]
[EventCountry "ARG"]
[SourceTitle "CBM 179 Extra"]
[Source "ChessBase"]
[SourceDate "2017.08.23"]
[SourceVersion "1"]
[SourceVersionDate "2017.08.23"]
[SourceQuality "1"]

1. d4 d5 2. c4 c6 3. Nc3 Nf6 4. Nf3 Bf5 5. Bg5 e6 6. cxd5 exd5 7. e3 Be7 8. Be2 Nbd7 9. 0-0 Ne4 10. Bf4 g5 11. Be5 f6 12. Bg3 h5 13. Nxe4 dxe4 14. Nxg5 fxg5 15. Bxh5+ Kf8 16. f3 Nf6 17. fxe4 Bxe4 18. Qg4 Qd5 19. Be5 Rh6 20. Qxg5 Rxh5 21. Qxh5 Qf7 22. Qh8+ Qg8 23. Qxg8+ Kxg8 24. Bxf6 Bd6 25. Bh4 Re8 26. Rf6 Bb4 27. Bg3 Bd3 28. Be5 c5 29. Rd1 Bc2 30. Rdf1 cxd4 31. exd4 Bd3 32. R1f3 Rxe5 33. Rg3+ Kh7 34. dxe5 1-0

[Event "Pan American-ch U2000"]
[White "Ruiz Peyre, Nicolas"]
[Black "Caruso, Tomas"]
[Site "Carilo Village"]
[Round "7"]
[Result "1/2-1/2"]
[Date "2016.10.29"]
[WhiteElo "1972"]
[BlackElo "1865"]
[PlyCount "70"]
[EventDate "2016.10.25"]
[EventType "swiss"]
[EventRounds "9"]
[EventCountry "ARG"]
[SourceTitle "EXT 2022"]
[Source "ChessBase"]
[SourceDate "2021.10.06"]
[SourceVersion "1"]
[SourceVersionDate "2021.10.06"]
[SourceQuality "1"]

1. e4 c5 2. Nf3 e6 3. d4 cxd4 4. Nxd4 Nc6 5. Nc3 Qc7 6. Be3 a6 7. Bd3 b5 8. Nxc6 Qxc6 9. 0-0 Bb7 10. a3 Nf6 11. Kh1 Be7 12. f4 d5 13. exd5 Nxd5 14. Be4 0-0 15. Nxd5 exd5 16. Bf3 Bf6 17. c3 Qc4 18. Qd2 Rad8 19. Rac1 Rfe8 20. Rfd1 Re6 21. Bd4 h6 22. Bxf6 Rxf6 23. Qd4 Rxf4 24. Qxc4 bxc4 25. Rd2 Rf5 26. Re1 Kf8 27. Kg1 Rf6 28. Rd4 Rfd6 29. Kf2 a5 30. Re2 a4 31. Ke1 Re6 32. Bg4 Rxe2+ 33. Kxe2 Ke7 34. Ke3 g5 35. Rd2 f6 1/2-1/2

[Event "Pan American-ch U2000"]
[White "Caruso, Tomas"]
[Black "Hurtado Bahamonde, Matias"]
[Site "Carilo Village"]
[Round "6"]
[Result "0-1"]
[Date "2016.10.28"]
[WhiteElo "1865"]
[BlackElo "1981"]
[PlyCount "50"]
[EventDate "2016.10.25"]
[EventType "swiss"]
[EventRounds "9"]
[EventCountry "ARG"]
[SourceTitle "EXT 2022"]
[Source "ChessBase"]
[SourceDate "2021.10.06"]
[SourceVersion "1"]
[SourceVersionDate "2021.10.06"]
[SourceQuality "1"]

1. d4 d5 2. c4 c6 3. Nc3 Nf6 4. Nf3 dxc4 5. a4 Bg4 6. Ne5 Bh5 7. g3 Na6 8. Bg2 Nb4 9. 0-0 a5 10. Nxc4 e6 11. Qd2 Be7 12. b3 0-0 13. Bb2 Qc7 14. Rac1 Rfd8 15. e4 Rd7 16. Ne5 Qxe5 17. dxe5 Rxd2 18. exf6 Bxf6 19. Ba1 Nd3 20. Rb1 Bd4 21. Nd1 Bxa1 22. Rxa1 Be2 23. Ne3 Bxf1 24. Bxf1 Nxf2 25. Nc4 Rd1 0-1

[Event "ARG-ch U18"]
[White "Caruso, Tomas"]
[Black "Tomas Falcon, Jesus"]
[Site "Villa Martelli"]
[Round "8.3"]
[Result "0-1"]
[Date "2016.05.31"]
[WhiteElo "1890"]
[BlackElo "2144"]
[PlyCount "76"]
[EventDate "2016.05.28"]
[EventType "swiss"]
[EventRounds "9"]
[EventCountry "ARG"]
[SourceTitle "EXT 2024"]
[Source "ChessBase"]
[SourceDate "2023.10.10"]
[SourceVersion "1"]
[SourceVersionDate "2023.10.10"]
[SourceQuality "1"]

1. d4 Nf6 2. c4 g6 3. Nc3 Bg7 4. e4 d6 5. Nf3 0-0 6. Be2 Na6 7. 0-0 e5 8. d5 Nc5 9. Qc2 a5 10. Be3 Na6 11. Ne1 Ne8 12. a3 f5 13. f3 f4 14. Bf2 g5 15. Nd3 Nf6 16. b4 b6 17. c5 Rf7 18. cxd6 cxd6 19. Na4 b5 20. Nb6 Rb8 21. bxa5 g4 22. Nb4 Nxb4 23. axb4 g3 24. hxg3 Nh5 25. Rfc1 Ba6 26. g4 Ng3 27. Be1 Qh4 28. Bc3 Bf6 29. Bd3 Bd8 30. Qb2 Rxb6 31. Kf2 Qh2 32. Bxe5 dxe5 33. Qxe5 Bf6 34. Qe8+ Rf8 35. Qd7 Bd4+ 36. Ke1 Qg1+ 37. Kd2 Qf2+ 38. Kd1 Rh6 0-1

[Event "ARG-ch sf U18"]
[White "Malamud, Lautaro"]
[Black "Caruso, Tomas"]
[Site "Villaguay"]
[Round "4"]
[Result "1/2-1/2"]
[Date "2016.02.25"]
[WhiteElo "2120"]
[BlackElo "1858"]
[PlyCount "44"]
[EventDate "2016.02.23"]
[EventType "swiss"]
[EventRounds "8"]
[EventCountry "ARG"]
[SourceTitle "EXT 2017"]
[Source "ChessBase"]
[SourceDate "2016.10.25"]
[SourceVersion "1"]
[SourceVersionDate "2016.10.25"]
[SourceQuality "1"]

1. e4 c5 2. Nf3 e6 3. d4 cxd4 4. Nxd4 Nc6 5. Nc3 Qc7 6. Be3 a6 7. Be2 b5 8. 0-0 Bb7 9. f4 Nf6 10. e5 Nxd4 11. Qxd4 Nd5 12. Nxd5 Bxd5 13. Rac1 Rc8 14. Bf3 Bxf3 15. Rxf3 Bc5 16. Qxc5 Qxc5 17. Bxc5 Rxc5 18. Rd3 Ke7 19. Rd6 Ra8 20. Rcd1 Ra7 21. c3 f6 22. exf6+ gxf6 1/2-1/2

[Event "ARG-ch sf U18"]
[White "Caruso, Tomas"]
[Black "Schulz, Samuel Antonio"]
[Site "Villaguay"]
[Round "2"]
[Result "1-0"]
[Date "2016.02.24"]
[WhiteElo "1858"]
[BlackElo "1394"]
[PlyCount "31"]
[EventDate "2016.02.23"]
[EventType "swiss"]
[EventRounds "8"]
[EventCountry "ARG"]
[SourceTitle "EXT 2017"]
[Source "ChessBase"]
[SourceDate "2016.10.25"]
[SourceVersion "1"]
[SourceVersionDate "2016.10.25"]
[SourceQuality "1"]

1. d4 d5 2. c4 e6 3. Nf3 Nf6 4. Nc3 Be7 5. Bf4 c6 6. cxd5 exd5 7. e3 0-0 8. Bd3 Bg4 9. Qc2 Bxf3 10. gxf3 Re8 11. Rg1 Bf8 12. Bg5 Nbd7 13. Bxh7+ Kh8 14. Bd3 Qc7 15. Rg3 g6 16. Bxg6 1-0